000 00832nam a2200229 i 4500
001 52996
003 ES-MaACL
005 20251019063041.0
007 t|
008 950907q18801900fr ||||1| fre d
040 _aCAM
_bspa
_cCAM
100 1 _aDostoievski, Fiódor,
_d1821-1881
_9242371
245 1 2 _aL'idiot /
_cTh. Dostoïevsky ; traduit du russe par Victor Derély ; et précédé d'un préface par le Vte. E. Melchior de Vogüé.
250 _a3e éd.
260 _aParis :
_bE. Plon, Nourrit et Cie.,
_c[188-?]
300 _a2 v. ;
_c19 cm.
500 _aEn el verso de la portadilla del segundo volumen, la fecha del depósito legal es 1887.
700 1 _aDerély, Victor.
_943765
700 1 _aVogüé, Eugène-Melchior,
_cVicomte de
_9115669
852 _aES-MaACL
_jD-3681-82
999 _c52996
_d52996